De amor y de sombra /
Guardado en:
| Autor Principal: | |
|---|---|
| Formato: | Libro |
| Idioma: | Undetermined |
| Publicado: |
Santiago de Chile :
Sudamericana,
1984.
|
| Edición: | 17 ed. |
| Materias: | |
| Etiquetas: |
Agregar Etiqueta
Sin Etiquetas, Sea el primero en etiquetar este registro!
|
| LEADER | 00654nam a22002295a 4500 | ||
|---|---|---|---|
| 001 | CEM.cems021238 | ||
| 008 | 240619s1984####xx############000#0#und#d | ||
| 005 | 20240619085508.0 | ||
| 245 | 1 | 0 | |a De amor y de sombra / |c Allende, Isabel. |
| 250 | |a 17 ed. | ||
| 260 | |a Santiago de Chile : |b Sudamericana, |c 1984. | ||
| 300 | |a 313 p. ; |c 20 cm. | ||
| 020 | |a 8447308383 | ||
| 100 | 1 | |a Allende, Isabel. | |
| 082 | 0 | 4 | |a Ch863.4 |
| 653 | |a Literatura | ||
| 653 | |a Literatura chilena | ||
| 653 | |a Novela chilena - Siglo 20 | ||
| 653 | |a Novela | ||
| 653 | |a Narrativa | ||
| 653 | |a Realismo Mágico | ||
| 859 | |a CEMS |b BIB. CEMS - Agricultura |h Ch863.4 |i AL53-7 |p A3697.24 |t Ej.1 | ||
